|
|
|
|
| LEADER |
02334cam a2200385Ia 4500 |
| 001 |
9780203995594 |
| 003 |
FlBoTFG |
| 005 |
20091230162920.0 |
| 006 |
a|||||s||||||||||| |
| 007 |
cr|||| |
| 008 |
010102s2001 enkab sb 001 0 eng d |
| 020 |
|
|
|a 9780203995594 (e-book : PDF)
|
| 040 |
|
|
|a FlBoTFG
|c FlBoTFG
|d GrThAP
|
| 043 |
|
|
|a e------
|a ff-----
|a aw-----
|
| 090 |
|
|
|a DG30
|b .T73 2001
|
| 092 |
|
|
|a 913.7046
|b T779
|
| 245 |
0 |
0 |
|a Travel and geography in the Roman Empire
|h [electronic resource] /
|c edited by Colin Adams and Ray Laurence.
|
| 246 |
1 |
4 |
|a Travel & geography in the Roman Empire
|
| 260 |
|
|
|a London ;
|a New York :
|b Routledge,
|c 2001.
|
| 300 |
|
|
|a x, 202 p. :
|b ill., maps.
|
| 500 |
|
|
|a "Five of the chapters included in this volume were originally given as papers at the Society for the Promotion of Roman Studies[,] Roman Archaeology conference at Durham in April 1999"--P. x.
|
| 504 |
|
|
|a Includes bibliographical references (p. 177-195) and index.
|
| 505 |
8 |
|
|a Machine generated contents note: List offigures vii -- List of contributors ix -- Preface x 1 Introduction 1 -- COLIN ADAMS --2 The presentation of geographical knowledge for travel -- and transport in the Roman world: itineraria non tantum -- adnotata sed etiam picta 7 -- KAI BRODERSEN --3 Travel, itineraria and tabellaria 22 -- BENET SALWAY --4 The creation of geography: an interpretation of Roman -- Britain 67 -- RAY LAURENCE --5 Transport and communication in the Roman state: the -- cursus publicus 95 -- ANNE KOLB --6 Transport and travel on the Column of Trajan 106 -- JON COULSTON --7 'There and back again': getting around in Roman Egypt 138 -- COLIN ADAMS -- 8 Afterword: travel and empire 167 -- RAY LAURENCE Bibliography 177 -- Index 196.
|
| 530 |
|
|
|a Also available in print edition.
|b CRC Press (http://www.crcpress.com)
|
| 538 |
|
|
|a Mode of access: World Wide Web.
|
| 650 |
|
0 |
|a Roads, Roman.
|
| 650 |
|
0 |
|a Travelers
|z Rome
|x History.
|
| 651 |
|
0 |
|a Rome
|x Geography.
|
| 651 |
|
0 |
|a Rome
|x Historical geography.
|
| 655 |
|
7 |
|a Electronic books.
|2 lcsh
|
| 700 |
1 |
|
|a Adams, C. E. P.
|q (Colin E. P.)
|
| 700 |
1 |
|
|a Laurence, Ray,
|d 1963-
|
| 711 |
2 |
|
|a Roman Archaeology Conference
|n (9th :
|d 1999 :
|c University of Durham)
|
| 776 |
1 |
|
|z 9780415230346
|
| 856 |
4 |
0 |
|u http://www.tandfebooks.com/isbn/9780203995594
|z Full Text via HEAL-Link
|